| Поле | Название | Значение |
| |
Тип записи |
a |
| |
Библиографический уровень |
m |
| 001 |
Контрольный номер |
RU\infra-m\znanium\bibl\2207141 |
| 005 |
Дата корректировки |
20260429142149.6 |
| 008 |
Кодируемые данные |
250612s2025 RU g rus u |
| 020 |
Индекс ISBN |
__ |
| a |
ISBN |
978-5-16-021062-9 |
| 020 |
Индекс ISBN |
__ |
| a |
ISBN |
978-5-16-109315-3 (электр. издание) |
| 040 |
Источник каталогиз. |
__ |
| a |
Служба первич. каталог. |
Общество с ограниченной ответственностью «ЗНАНИУМ» |
| 041 |
Код языка издания |
__ |
| a |
Код языка текста |
rus |
| 044 |
Код страны публикации |
__ |
| a |
Код страны публикации |
RU |
| 080 |
Индекс УДК |
__ |
| a |
Индекс УДК |
665.6/.7(075.8) |
| 084 |
Индекс другой классификации/Индекс ББК |
__ |
| 2 |
Источник индекса |
rubbk |
| a |
Индекс другой классификации/Индекс ББК |
33.36я73 |
| 084 |
Индекс другой классификации/Индекс ББК |
__ |
| 2 |
Источник индекса |
okso |
| a |
Индекс другой классификации/Индекс ББК |
05.04.01 |
| 084 |
Индекс другой классификации/Индекс ББК |
__ |
| 2 |
Источник индекса |
okso |
| a |
Индекс другой классификации/Индекс ББК |
05.06.01 |
| 100 |
Автор |
__ |
| a |
Автор |
Серебряков О.И. |
| q |
Полное имя |
Серебряков Олег Иванович |
| u |
Дополнение |
Астраханский государственный университет имени В.Н. Татищева |
| 245 |
Заглавие |
__ |
| a |
Заглавие |
Подсчет геологических запасов и ресурсов нефти, газа, конденсата и товарной продукции |
| b |
Продолж. заглавия |
Учебник |
| c |
Ответственность |
Астраханский государственный университет имени В.Н. Татищева |
| 250 |
Сведения об издании |
__ |
| a |
Основные сведения об издании |
1 |
| 260 |
Выходные данные |
__ |
| a |
Место издания |
Москва |
| b |
Издательство |
ООО "Научно-издательский центр ИНФРА-М" |
| c |
Дата издания |
2026 |
| 300 |
Физическое описание |
__ |
| a |
Объем |
296 с. |
| 440 |
Серия |
__ |
| a |
Серия |
Высшее образование |
| 520 |
Аннотация |
__ |
| a |
Аннотация |
Изложены современные научно обоснованные на международном рынке методы оценки геологических запасов и ресурсов нефти газа и конденсата понятия и критерии выделения категорий запасов и ресурсов в соответствии со свойствами нефтей газов и конденсатов. Впервые приведен подсчет запасов товарной продукции содержащейся в составе нефти газа и конденсата. Сопоставлены категории запасов и ресурсов по российской и зарубежной классификациям. Изложено состояние запасов углеводородов по странам и континентам. Уточнены взаимосвязи этапов геологоразведочных работ с технологиями подсчета и категориями запасов и ресурсов. Освещены экологические задачи разведки и освоения углеводородов. Даны основные направления и технологии переработки нефти газа и конденсата являющиеся составной стадией подсчета и освоения запасов. В конце каждой главы приведены контрольные вопросы и задания для оценки уровня знаний и объемов усвоения материалов. Соответствует требованиям федеральных государственных стандартов высшего образования последнего поколения. Предназначен магистрантам направления «Геология» аспирантам направления «Науки о Земле» студентам и преподавателям вузов специалистам разведки и переработки нефти газа и конденсата работникам топливно-энергетического комплекса. |
| 521 |
Примеч. о цел. назн. |
__ |
| a |
Примеч. о целев. назн. |
ВО - Магистратура |
| 650 |
Тематические рубрики |
__ |
| a |
Основная рубрика |
Науки о Земле. Экология |
| x |
Основная подрубрика |
Геология |
| 655 |
Указ. предметных рубрик (устаревшее) |
__ |
| a |
Жанр/ форма (устаревшее) |
Учебник |
| 700 |
Другие авторы |
__ |
| a |
Другие авторы |
Ушивцева Л.Ф. |
| q |
Полное имя |
Ушивцева Любовь Франковна |
| u |
Дополнение |
Астраханский государственный университет имени В.Н. Татищева |
| 700 |
Другие авторы |
__ |
| a |
Другие авторы |
Серебряков А.О. |
| q |
Полное имя |
Серебряков Андрей Олегович |
| u |
Дополнение |
Астраханский государственный университет имени В.Н. Татищева |
| 856 |
Электронный адрес документа |
4_ |
| a |
Имя сервера/домена |
znanium.ru |
| m |
Помощь |
ebs_support@infra-m.ru |
| n |
Местонахождение сервера |
НИЦ ИНФРА-М |
| u |
URL |
https://znanium.ru/catalog/document?id=465167 |
| 856 |
Электронный адрес документа |
48 |
| a |
Имя сервера/домена |
znanium.ru |
| d |
Путь |
/cover/2207 |
| f |
Электронное имя |
2207141.jpg |
| q |
Тип электронного формата |
image/jpeg |
| u |
URL |
https://znanium.ru/cover/2207/2207141.jpg |
| 911 |
|
__ |
| u |
|
0030=https://znanium.ru/catalog/document?id=465167 |